<?xml version="1.0" encoding="UTF-8"?>
<record
    xmlns:xsi="http://www.w3.org/2001/XMLSchema-instance"
    xsi:schemaLocation="http://www.loc.gov/MARC21/slim http://www.loc.gov/standards/marcxml/schema/MARC21slim.xsd"
    xmlns="http://www.loc.gov/MARC21/slim">

  <leader>00686nam a22001217a 4500</leader>
  <datafield tag="040" ind1=" " ind2=" ">
    <subfield code="c">RUA </subfield>
  </datafield>
  <datafield tag="100" ind1=" " ind2=" ">
    <subfield code="a">CHEANG HORSAN,&#x1787;&#x17B6;&#x1784; &#x17A0;&#x17C4;&#x179F;&#x17B6;&#x1793;</subfield>
  </datafield>
  <datafield tag="245" ind1=" " ind2=" ">
    <subfield code="a">HAEMOPRASITES IN DOMESTIC CHICKEN (GALLUS GALLUS DOMESTIUS L.) AT PREY PHKOAM COMMUNE, ANDKOR BOREI DISTRICT,TAKEO PROVINCE,&#x200B;&#x1794;&#x179A;&#x17B6;&#x179F;&#x17B7;&#x178F;&#x1780;&#x17D2;&#x1793;&#x17BB;&#x1784;&#x1788;&#x17B6;&#x1798;&#x1798;&#x17B6;&#x1793;&#x17CB;&#x1796;&#x17BC;&#x1787;&#x1780;&#x17D2;&#x1793;&#x17BB;&#x1784;&#x179F;&#x17D2;&#x179A;&#x17BB;&#x1780;&#x1793;&#x17C5;&#x1783;&#x17BB;&#x17C6;&#x1796;&#x17D2;&#x179A;&#x17C3;&#x1795;&#x17D2;&#x1780;&#x17B6;&#x17C6; &#x179F;&#x17D2;&#x179A;&#x17BB;&#x1780;&#x17A2;&#x1784;&#x17D2;&#x1782;&#x179A;&#x1794;&#x17BB;&#x179A;&#x17B8; &#x1781;&#x17C1;&#x178F;&#x17D2;&#x178F;&#x178F;&#x17B6;&#x1780;&#x17C2;&#x179C;</subfield>
  </datafield>
  <datafield tag="260" ind1=" " ind2=" ">
    <subfield code="a">PHNOM PENH </subfield>
    <subfield code="b">RUA </subfield>
    <subfield code="c">2019 </subfield>
  </datafield>
  <datafield tag="300" ind1=" " ind2=" ">
    <subfield code="a">VII,34P,</subfield>
    <subfield code="b">ILL,</subfield>
    <subfield code="c">29CM,</subfield>
  </datafield>
  <datafield tag="856" ind1=" " ind2=" ">
    <subfield code="u">https://drive.google.com/file/d/17ibZ92x8W_91f7og_3r6kU-ZChIE7a5W/view?usp=share_link</subfield>
  </datafield>
  <datafield tag="942" ind1=" " ind2=" ">
    <subfield code="c">AGR</subfield>
  </datafield>
  <datafield tag="999" ind1=" " ind2=" ">
    <subfield code="c">19904</subfield>
    <subfield code="d">19904</subfield>
  </datafield>
  <datafield tag="952" ind1=" " ind2=" ">
    <subfield code="0">0</subfield>
    <subfield code="1">0</subfield>
    <subfield code="2">ddc</subfield>
    <subfield code="4">0</subfield>
    <subfield code="6">VEM_CHE_2019_000000000000000_B683_OR</subfield>
    <subfield code="7">0</subfield>
    <subfield code="9">89291</subfield>
    <subfield code="a">LBB</subfield>
    <subfield code="b">LBB</subfield>
    <subfield code="c">B683</subfield>
    <subfield code="d">2022-01-14</subfield>
    <subfield code="l">2</subfield>
    <subfield code="o">VEM CHE 2019 B683 Or.</subfield>
    <subfield code="p">a068052</subfield>
    <subfield code="r">2026-01-16</subfield>
    <subfield code="s">2025-12-09</subfield>
    <subfield code="w">2022-01-14</subfield>
    <subfield code="y">AGR</subfield>
  </datafield>
  <datafield tag="952" ind1=" " ind2=" ">
    <subfield code="0">0</subfield>
    <subfield code="1">0</subfield>
    <subfield code="2">ddc</subfield>
    <subfield code="4">0</subfield>
    <subfield code="6">VEM_CHE_2019_000000000000000_B683_OR</subfield>
    <subfield code="7">0</subfield>
    <subfield code="9">89292</subfield>
    <subfield code="a">LBB</subfield>
    <subfield code="b">LBB</subfield>
    <subfield code="c">B683</subfield>
    <subfield code="d">2022-01-14</subfield>
    <subfield code="l">1</subfield>
    <subfield code="o">VEM CHE 2019 B683 Or.</subfield>
    <subfield code="p">A068268</subfield>
    <subfield code="r">2023-01-06</subfield>
    <subfield code="s">2022-12-27</subfield>
    <subfield code="w">2022-01-14</subfield>
    <subfield code="y">AGR</subfield>
  </datafield>
  <datafield tag="952" ind1=" " ind2=" ">
    <subfield code="0">0</subfield>
    <subfield code="1">0</subfield>
    <subfield code="2">ddc</subfield>
    <subfield code="4">0</subfield>
    <subfield code="6">VEM_CHE_2019_000000000000000_B683_OR</subfield>
    <subfield code="7">0</subfield>
    <subfield code="9">89293</subfield>
    <subfield code="a">LBB</subfield>
    <subfield code="b">LBB</subfield>
    <subfield code="c">B683</subfield>
    <subfield code="d">2022-01-14</subfield>
    <subfield code="l">3</subfield>
    <subfield code="o">VEM CHE 2019 B683 Or.</subfield>
    <subfield code="p">A068176</subfield>
    <subfield code="r">2024-06-11</subfield>
    <subfield code="s">2024-05-27</subfield>
    <subfield code="w">2022-01-14</subfield>
    <subfield code="y">AGR</subfield>
  </datafield>
  <datafield tag="952" ind1=" " ind2=" ">
    <subfield code="0">0</subfield>
    <subfield code="1">0</subfield>
    <subfield code="2">ddc</subfield>
    <subfield code="4">0</subfield>
    <subfield code="6">VEM_CHE_2019_000000000000000_B683_OR</subfield>
    <subfield code="7">0</subfield>
    <subfield code="9">89294</subfield>
    <subfield code="a">LBB</subfield>
    <subfield code="b">LBB</subfield>
    <subfield code="c">B683</subfield>
    <subfield code="d">2022-01-14</subfield>
    <subfield code="l">1</subfield>
    <subfield code="o">VEM CHE 2019 B683 Or.</subfield>
    <subfield code="p">A068160</subfield>
    <subfield code="r">2022-11-30</subfield>
    <subfield code="s">2022-11-04</subfield>
    <subfield code="w">2022-01-14</subfield>
    <subfield code="y">AGR</subfield>
  </datafield>
  <datafield tag="952" ind1=" " ind2=" ">
    <subfield code="0">0</subfield>
    <subfield code="1">0</subfield>
    <subfield code="2">ddc</subfield>
    <subfield code="4">0</subfield>
    <subfield code="6">VEM_CHE_2019_000000000000000_B683_OR</subfield>
    <subfield code="7">0</subfield>
    <subfield code="9">89295</subfield>
    <subfield code="a">LBB</subfield>
    <subfield code="b">LBB</subfield>
    <subfield code="c">B683</subfield>
    <subfield code="d">2022-01-14</subfield>
    <subfield code="o">VEM CHE 2019 B683 Or.</subfield>
    <subfield code="p">A068414</subfield>
    <subfield code="r">2022-01-14</subfield>
    <subfield code="w">2022-01-14</subfield>
    <subfield code="y">AGR</subfield>
  </datafield>
  <datafield tag="952" ind1=" " ind2=" ">
    <subfield code="0">0</subfield>
    <subfield code="1">0</subfield>
    <subfield code="2">ddc</subfield>
    <subfield code="4">0</subfield>
    <subfield code="6">VEM_CHE_2019_000000000000000_B683_OR</subfield>
    <subfield code="7">0</subfield>
    <subfield code="9">89296</subfield>
    <subfield code="a">LBB</subfield>
    <subfield code="b">LBB</subfield>
    <subfield code="c">B683</subfield>
    <subfield code="d">2022-01-14</subfield>
    <subfield code="l">3</subfield>
    <subfield code="o">VEM CHE 2019 B683 Or.</subfield>
    <subfield code="p">A068406</subfield>
    <subfield code="r">2025-12-12</subfield>
    <subfield code="s">2025-11-25</subfield>
    <subfield code="w">2022-01-14</subfield>
    <subfield code="y">AGR</subfield>
  </datafield>
</record>
